Normal view MARC view

Entry Personal Name

Number of records used in: 2

001 - CONTROL NUMBER

  • control field: 74652

003 - CONTROL NUMBER IDENTIFIER

  • control field: dpl

005 - DATE AND TIME OF LATEST TRANSACTION

  • control field: 20241204114830.0

008 - FIXED-LENGTH DATA ELEMENTS

  • fixed length control field: 241204|| aca||aabn | a|a d

040 ## - CATALOGING SOURCE

  • Original cataloging agency: dpl
  • Transcribing agency: dpl

100 ## - HEADING--PERSONAL NAME

  • Personal name: Pradhan,Shashikala

670 ## - SOURCE DATA FOUND

  • Source citation: Work cat.: (dpl)207394: Pradhan,Shashikala, Mycology and phytopathology, 2022

© Delhi Public Library
Hit Counter
free hit counter